Planning the small library facility

Αποθηκεύτηκε σε:
Λεπτομέρειες βιβλιογραφικής εγγραφής
Κύριος συγγραφέας: Dahlgren, Anders
Μορφή: Βιβλίο
Γλώσσα:English
Δημοσίευση: Chicago : American Library Association, 1996
Έκδοση:2nd ed.
Σειρά:Small libraries publications
Θέματα:
Ετικέτες: Προσθήκη ετικέτας
Δεν υπάρχουν, Καταχωρήστε ετικέτα πρώτοι!

MARC

LEADER 00000nam a2200000 i 4500
001 1/89012
008 990826s1996 eng d
020 |a 0-8389-0681-8  |c ε11.50 
035 |l 10052676 
040 |a GR-MY-UA  |b gre  |e aacr 
041 0 |a eng 
082 0 |a 022.3 
100 1 |a Dahlgren, Anders. 
245 1 0 |a Planning the small library facility /  |c Anders C. Dahlgren 
250 |a 2nd ed. 
260 |a Chicago :   |b American Library Association,   |c 1996 
300 |a 27 σ.;  |b εικ.;  |c 28 εκ. 
490 1 |a Small libraries publications  |v ; 23 
504 |a Περιέχει βιβλιογραφικές παραπομπές 
650 0 0 |a Library architecture  |z United States. 
650 0 0 |a Small libraries  |z United States. 
830 0 |a Small libraries publications 
852 |a INST  |b LESVOS  |e 19990826  |h 022.3 DAH  |p 005100015863  |q 005100015863  |t BK  |y 0 
901 |a BIBL1-1999-2 
909 |a Λ  |b 062840 
922 |a 1ΕΛΗ  |b 199812  |c 23/ΚΕΝΤΡΙΚΗ ΥΠΗΡΕΣΙΑ ΒΙΒΛΙΟΘΗΚΗΣ 
950 |a  023-1998-09-14 
970 |z 1999/08/27  |a ΚΑΜΑΤΣΟΥ  |b ΔΕΣΠΟΙΝΑ